[Event "GER Cup Net V3 U2000"]
[Site "Playchess.com INT"]
[Date "2020.05.27"]
[Round "6"]
[White "Weber, Michael"]
[Black "Niemann, Alexander"]
[Result "1-0"]
[WhiteElo "1643"]
[BlackElo "1741"]
[PlyCount "117"]
[EventDate "2020.05.27"]
[EventType "swiss (blitz)"]
[EventRounds "9"]
[EventCountry "GER"]
[SourceTitle "EXT 2021"]
[Source "ChessBase"]
[SourceDate "2020.10.23"]
[SourceVersion "1"]
[SourceVersionDate "2020.10.23"]
[SourceQuality "1"]

1. d4 d5 2. Nf3 c5 3. c3 Nc6 4. dxc5 e5 5. e3 Bxc5 6. Bb5 Bg4 7. Be2 Nf6 8. h3 Bh5 9. 0-0 0-0 10. Nbd2 Bb6 11. b3 Bc7 12. c4 Qd6 13. g3 Qd7 14. Kg2 Rad8 15. cxd5 Nxd5 16. Nc4 Qe6 17. Bb2 Nxe3+ 18. Nxe3 Rxd1 19. Rfxd1 f6 20. Bc4 Re8 21. g4 Bf7 22. Bxe6 Bxe6 23. Rac1 Bb8 24. Nc4 h6 25. Nd6 Re7 26. Ba3 Bxd6 27. Rxd6 Re8 28. Rcd1 Kf7 29. R6d2 Kg6 30. Nh4+ Kf7 31. Nf3 Kg6 32. Bb2 Bc8 33. Kg3 Be6 34. h4 Kh7 35. h5 Bc8 36. a3 a6 37. b4 Be6 38. Rd6 Kg8 39. Nh4 Kf7 40. Ng6 Kg8 41. Bc3 Kf7 42. a4 Kg8 43. b5 axb5 44. axb5 Na7 45. Rb1 Kf7 46. Rb6 Bc8 47. Bb4 Kg8 48. Ne7+ Kf7 49. Nxc8 Rxc8 50. Rxb7+ Ke6 51. Rxa7 Rc4 52. Be1 Rd4 53. b6 Rd3+ 54. Kg2 f5 55. b7 fxg4 56. b8Q e4 57. Qe8+ Kd5 58. Rb5+ Kc4 59. Ra4# 1-0

[Event "GER-chT U12"]
[Site "Schney"]
[Date "2013.12.29"]
[Round "5.3"]
[White "Roehr, Tobias"]
[Black "Niemann, Alexander"]
[Result "0-1"]
[WhiteElo "1552"]
[BlackElo "1667"]
[PlyCount "156"]
[EventDate "2013.12.27"]
[EventType "team-swiss"]
[EventRounds "7"]
[EventCountry "GER"]
[SourceTitle "EXT 2015"]
[Source "ChessBase"]
[SourceDate "2014.11.20"]
[SourceVersion "1"]
[SourceVersionDate "2014.11.20"]
[SourceQuality "1"]
[WhiteTeam "Potsdam"]
[BlackTeam "Magdeburg Aufbau Elbe"]
[WhiteTeamCountry "GER"]
[BlackTeamCountry "GER"]

1. c4 Nf6 2. Nc3 g6 3. g3 Bg7 4. Bg2 0-0 5. Nf3 c6 6. e3 d5 7. cxd5 cxd5 8. d4 Nc6 9. 0-0 Bf5 10. Nh4 Bg4 11. Qb3 Na5 12. Qb5 a6 13. Qb4 Rc8 14. Bd2 Nc4 15. Be1 b5 16. h3 Bd7 17. Kh2 a5 18. Qb3 a4 19. Qb4 Nb6 20. Nxb5 Rc4 21. Qa5 Bxb5 22. Qxb5 e6 23. Ba5 Nfd7 24. Rac1 Qc8 25. Rxc4 Qxc4 26. Qxc4 Nxc4 27. Bc3 Rb8 28. Rb1 Bf8 29. Bf1 Bb4 30. Bd3 Bxc3 31. bxc3 Rxb1 32. Bxb1 a3 33. Nf3 Ndb6 34. Ne1 Na4 35. Bc2 Nxc3 36. Bb3 Nd2 37. Nc2 Nxb3 38. axb3 a2 39. Kg2 Kf8 40. Kf1 Ke7 41. Ke1 Kd6 42. f3 e5 43. dxe5+ Kxe5 44. Kd2 Nb1+ 45. Kc1 Na3 46. Na1 d4 47. exd4+ Kxd4 48. Kb2 Nb5 49. Kxa2 Ke3 50. b4 Kxf3 51. Nc2 Kxg3 52. Kb3 f5 53. Kc4 Nc7 54. Nd4 f4 55. Kc5 Na6+ 56. Kb5 Nxb4 57. Kxb4 f3 58. Nxf3 Kxf3 59. h4 Kg4 60. Kc3 Kxh4 61. Kd2 Kg3 62. Ke2 Kg2 63. Ke3 g5 64. Ke4 h5 65. Kf5 h4 66. Kg4 h3 67. Kxg5 h2 68. Kf5 h1Q 69. Ke5 Qd1 70. Ke4 Qd6 71. Ke3 Kg3 72. Ke4 Kg4 73. Ke3 Kf5 74. Kf3 Qd3+ 75. Kf2 Kf4 76. Ke1 Qc2 77. Kf1 Kf3 78. Kg1 Qg2# 0-1

[Event "GER-ch U10"]
[Site "Oberhof"]
[Date "2013.05.22"]
[Round "6"]
[White "Tong, Kevin"]
[Black "Niemann, Alexander"]
[Result "1-0"]
[WhiteElo "1637"]
[BlackElo "1645"]
[PlyCount "77"]
[EventDate "2013.05.19"]
[EventType "swiss"]
[EventRounds "11"]
[EventCountry "GER"]
[SourceTitle "CBM 154 Extra"]
[Source "ChessBase"]
[SourceDate "2013.06.25"]
[SourceVersion "2"]
[SourceVersionDate "2013.06.25"]
[SourceQuality "1"]

1. e4 c5 2. Nf3 d6 3. d4 cxd4 4. Nxd4 Nf6 5. Nc3 g6 6. Be3 Bg7 7. f3 0-0 8. Qd2 Nc6 9. Bc4 a5 10. 0-0-0 Nd7 11. g4 Nce5 12. Be2 Nb6 13. b3 a4 14. h4 axb3 15. cxb3 Qc7 16. Kb1 Bd7 17. Rc1 Qd8 18. h5 Nc6 19. Nxc6 Bxc6 20. Bh6 Bh8 21. Bxf8 Qxf8 22. hxg6 fxg6 23. Qe3 Bxc3 24. Rxc3 Qg7 25. Rxc6 bxc6 26. Qxb6 c5 27. Qc6 Rf8 28. Qd5+ Kh8 29. Rc1 g5 30. e5 Qg6+ 31. Bd3 Qh6 32. exd6 exd6 33. Be4 Qf6 34. Rd1 Rd8 35. Qb7 Qg7 36. Qxg7+ Kxg7 37. a4 h6 38. a5 Kf6 39. a6 1-0

[Event "GER-ch U10"]
[Site "Oberhof"]
[Date "2013.05.20"]
[Round "4"]
[White "Niemann, Alexander"]
[Black "Kopylov, Daniel"]
[Result "1-0"]
[WhiteElo "1645"]
[BlackElo "1628"]
[PlyCount "51"]
[EventDate "2013.05.19"]
[EventType "swiss"]
[EventRounds "11"]
[EventCountry "GER"]
[SourceTitle "CBM 154 Extra"]
[Source "ChessBase"]
[SourceDate "2013.06.25"]
[SourceVersion "2"]
[SourceVersionDate "2013.06.25"]
[SourceQuality "1"]

1. e4 e6 2. d4 d5 3. Nd2 dxe4 4. Nxe4 Nd7 5. Nf3 Ngf6 6. Bd3 Nxe4 7. Bxe4 Nf6 8. Bd3 c5 9. dxc5 Bxc5 10. 0-0 0-0 11. Bg5 b6 12. Qe2 Be7 13. Bxf6 Bxf6 14. Qe4 g6 15. Qxa8 Bxb2 16. Rad1 Qc7 17. Qe4 Bb7 18. Qe3 Bd5 19. c4 Bxc4 20. Bxc4 Qxc4 21. Qh6 Bg7 22. Qd2 Bf6 23. Rc1 Qa4 24. Rc7 a5 25. Qc2 Kg7 26. Qxa4 1-0

[Event "GER-chT U12"]
[Site "Verden"]
[Date "2012.12.28"]
[Round "4.3"]
[White "Zhuk, Margarita"]
[Black "Niemann, Alexander"]
[Result "1-0"]
[WhiteElo "1240"]
[BlackElo "1458"]
[PlyCount "67"]
[EventDate "2012.12.27"]
[EventType "team-swiss"]
[EventRounds "7"]
[EventCountry "GER"]
[SourceTitle "EXT 2014"]
[Source "ChessBase"]
[SourceDate "2013.11.20"]
[SourceVersion "1"]
[SourceVersionDate "2013.11.20"]
[SourceQuality "1"]
[WhiteTeam "Gerresheim"]
[BlackTeam "Magdeburg Aufbau Elbe"]
[WhiteTeamCountry "GER"]
[BlackTeamCountry "GER"]

1. e4 c5 2. d4 cxd4 3. c3 dxc3 4. Nxc3 Nc6 5. Bc4 g6 6. Nf3 Bg7 7. 0-0 e6 8. Bf4 Nge7 9. Nb5 0-0 10. Bc7 Bxb2 11. Rb1 Bg7 12. Bxd8 Rxd8 13. Nd6 Na5 14. Qa4 Nec6 15. Bb5 Rb8 16. Rfd1 a6 17. Bxc6 Nxc6 18. Nxc8 Rdxc8 19. Rxd7 Na7 20. h3 Nb5 21. Ng5 Nc3 22. Qb3 Nxb1 23. Qxb1 Bh6 24. f4 b5 25. Qb3 Rc6 26. Nxf7 Bxf4 27. Nd8 Rc4 28. Qf3 e5 29. Ne6 Rc1+ 30. Kf2 Rc2+ 31. Ke1 Rbc8 32. Nxf4 exf4 33. Qxf4 Rf8 34. Qh6 1-0

[Event "GER-ch U10"]
[Site "Oberhof"]
[Date "2012.06.01"]
[Round "10"]
[White "Niemann, Alexander"]
[Black "Biastoch, Bennet"]
[Result "0-1"]
[WhiteElo "1403"]
[BlackElo "1488"]
[PlyCount "72"]
[EventDate "2012.05.27"]
[EventType "swiss"]
[EventRounds "11"]
[EventCountry "GER"]
[SourceTitle "CBM 148 Extra"]
[Source "ChessBase"]
[SourceDate "2012.06.22"]
[SourceVersion "1"]
[SourceVersionDate "2012.06.22"]
[SourceQuality "1"]

1. e4 c5 2. Nf3 d6 3. d4 cxd4 4. Nxd4 Nf6 5. Nc3 a6 6. Be3 e5 7. Nb3 Be6 8. f3 Be7 9. Qd2 0-0 10. 0-0-0 Nbd7 11. g4 b5 12. h4 b4 13. Ne2 a5 14. Kb1 a4 15. Nbc1 b3 16. cxb3 axb3 17. a3 Nb6 18. Nc3 Qb8 19. h5 Rc8 20. g5 Nfd7 21. g6 Kh8 22. gxh7 Na4 23. N1e2 Ndc5 24. Bxc5 Rxc5 25. Nxa4 Rxa4 26. Nc3 Ra8 27. Bh3 Rca5 28. Bxe6 fxe6 29. Rdg1 Qa7 30. Rg6 d5 31. Qg2 Bxa3 32. bxa3 Rxa3 33. Kc1 Ra1+ 34. Kd2 Qd4+ 35. Ke2 R8a2+ 36. Nxa2 Rxa2+ 0-1

[Event "GER-ch U10"]
[Site "Oberhof"]
[Date "2012.05.29"]
[Round "6"]
[White "Schilay, Lorenz"]
[Black "Niemann, Alexander"]
[Result "1-0"]
[WhiteElo "1494"]
[BlackElo "1403"]
[PlyCount "89"]
[EventDate "2012.05.27"]
[EventType "swiss"]
[EventRounds "11"]
[EventCountry "GER"]
[SourceTitle "CBM 148 Extra"]
[Source "ChessBase"]
[SourceDate "2012.06.22"]
[SourceVersion "1"]
[SourceVersionDate "2012.06.22"]
[SourceQuality "1"]

1. e4 c5 2. Nc3 Nc6 3. f4 g6 4. Nf3 Bg7 5. Bc4 e6 6. 0-0 Nge7 7. d3 0-0 8. Qe1 d5 9. Bb3 Nd4 10. Nxd4 cxd4 11. Nb1 dxe4 12. Qxe4 Nf5 13. Na3 Ne3 14. Bxe3 dxe3 15. c3 e2 16. Qxe2 b6 17. Nc4 Bb7 18. Ne5 Bxe5 19. fxe5 Qg5 20. d4 a5 21. a4 h5 22. Qf2 Kh7 23. Rae1 Rac8 24. Re3 Qe7 25. Qf6 Qd7 26. Rf4 b5 27. Rh3 Qc6 28. Qg5 Kg8 29. Rfh4 Kg7 30. axb5 Qxg2+ 31. Qxg2 Bxg2 32. Kxg2 Rb8 33. Ba4 Rfc8 34. Rf3 Rc4 35. b3 Rc7 36. Rhf4 Rbc8 37. c4 Rb8 38. c5 g5 39. Rf6 g4 40. Rc3 Rd8 41. Rc4 Rcd7 42. Rf4 Kg6 43. c6 Rc7 44. b6 Rcc8 45. c7 1-0

[Event "GER-ch U10"]
[Site "Oberhof"]
[Date "2012.05.28"]
[Round "3"]
[White "Niemann, Alexander"]
[Black "Wong, Gengchun"]
[Result "0-1"]
[WhiteElo "1403"]
[BlackElo "1511"]
[PlyCount "60"]
[EventDate "2012.05.27"]
[EventType "swiss"]
[EventRounds "11"]
[EventCountry "GER"]
[SourceTitle "CBM 148 Extra"]
[Source "ChessBase"]
[SourceDate "2012.06.22"]
[SourceVersion "1"]
[SourceVersionDate "2012.06.22"]
[SourceQuality "1"]

1. e4 c5 2. Nf3 d6 3. d4 cxd4 4. Nxd4 Nf6 5. Nc3 a6 6. Be3 e6 7. f3 b5 8. Qd2 Bb7 9. g4 Qc7 10. 0-0-0 Nc6 11. Nxc6 Bxc6 12. Bf4 Rd8 13. h4 e5 14. Bg5 Be7 15. Bxf6 Bxf6 16. h5 h6 17. Bh3 Bg5 18. Qxg5 hxg5 19. Ne2 b4 20. Ng3 Bd7 21. Rd3 a5 22. Rhd1 Be6 23. Nf5 Bxf5 24. exf5 0-0 25. Rh1 Rc8 26. Rd2 d5 27. Rdh2 d4 28. Bf1 a4 29. b3 axb3 30. axb3 Qc3 0-1

[Event "GER-ch U10"]
[Site "Oberhof"]
[Date "2011.06.13"]
[Round "3"]
[White "Niemann, Alexander"]
[Black "Pajeken, Jakob Leon"]
[Result "1-0"]
[WhiteElo "1311"]
[BlackElo "915"]
[PlyCount "121"]
[EventDate "2011.06.11"]
[EventType "swiss"]
[EventRounds "11"]
[EventCountry "GER"]
[SourceTitle "CBM 142 Extra"]
[Source "ChessBase"]
[SourceDate "2011.06.27"]
[SourceVersion "1"]
[SourceVersionDate "2011.06.27"]
[SourceQuality "1"]

1. e4 e5 2. f4 Nc6 3. Nf3 d6 4. Bc4 Bg4 5. Nc3 Nf6 6. h3 Bxf3 7. Qxf3 Nd4 8. Qd1 Be7 9. 0-0 0-0 10. d3 c6 11. fxe5 dxe5 12. Ne2 Bc5 13. Be3 Qb6 14. Nxd4 Bxd4 15. Bxd4 Qxd4+ 16. Kh1 Nxe4 17. Rxf7 Rxf7 18. Bxf7+ Kxf7 19. Qf3+ Nf6 20. Rb1 Qf4 21. Qe2 Nh5 22. Qxh5+ Kg8 23. Qe2 Re8 24. Rf1 Qg3 25. Qf2 Qg6 26. Qxa7 b5 27. Qf2 Qe6 28. b3 Qe7 29. Kg1 Rf8 30. Qxf8+ Qxf8 31. Rxf8+ Kxf8 32. Kf2 Ke7 33. Ke3 Kd6 34. Ke4 Ke6 35. c4 b4 36. c5 h6 37. h4 g5 38. g3 g4 39. d4 exd4 40. Kxd4 h5 41. Ke4 Kf6 42. Kf4 Ke6 43. Kg5 Ke5 44. Kxh5 Kf5 45. Kh6 Kf6 46. h5 Kf7 47. Kg5 Kg7 48. Kxg4 Kh6 49. Kf5 Kxh5 50. g4+ Kh6 51. Kf6 Kh7 52. g5 Kg8 53. Kg6 Kf8 54. Kh7 Kf7 55. g6+ Kf6 56. g7 Kg5 57. g8Q+ Kh5 58. Qg7 Kh4 59. Kg6 Kh3 60. Kf5 Kh4 61. Qg4# 1-0